[Event "Tatry op"]
[Site "Tatranske Zruby"]
[Date "2014.09.30"]
[Round "4"]
[White "Sikora, Jan"]
[Black "Czajkowski, Ryszard"]
[Result "1/2-1/2"]
[WhiteElo "2211"]
[BlackElo "2084"]
[PlyCount "110"]
[EventDate "2014.09.28"]
[EventType "swiss"]
[EventRounds "9"]
[EventCountry "SVK"]
[SourceTitle "CBM 162 Extra"]
[Source "ChessBase"]
[SourceDate "2014.10.17"]
[SourceVersion "1"]
[SourceVersionDate "2014.10.17"]
[SourceQuality "1"]

1. e4 e6 2. d4 d5 3. e5 Ne7 4. Nf3 Qd7 5. c3 b6 6. Be3 h5 7. Nbd2 Nf5 8. b4 Ba6 9. Bxa6 Nxa6 10. Qe2 Nb8 11. 0-0 Be7 12. Nb3 c6 13. a4 a6 14. Rfe1 Qb7 15. Bg5 Bxg5 16. Nxg5 Qe7 17. f4 Nd7 18. a5 b5 19. Rad1 h4 20. Rd3 Rh6 21. Rh3 0-0-0 22. Rd1 Re8 23. Re1 Kc7 24. Kf2 Reh8 25. Rh1 Kb7 26. g4 hxg3+ 27. hxg3 Rxh3 28. Rxh3 Rxh3 29. Nxh3 f6 30. exf6 gxf6 31. Qh5 Qg7 32. g4 Nd6 33. Ke3 e5 34. fxe5 fxe5 35. dxe5 Nc4+ 36. Ke2 Ncxe5 37. Nf2 Qe7 38. Kf1 Nc4 39. g5 Ne3+ 40. Kg1 Qe5 41. Qh3 Qxg5+ 42. Kh1 Nf5 43. Nd3 Qh6 44. Qxh6 Nxh6 45. Nbc5+ Nxc5 46. Nxc5+ Ka7 47. Kg2 Nf5 48. Kf3 Nd6 49. Kf4 Nc4 50. Kf5 Nd2 51. Ke5 Nc4+ 52. Ke6 Ne3 53. Ke5 Nc4+ 54. Ke6 Ne3 55. Ke5 Nc4+ 1/2-1/2

[Event "POL-chT3 Podkarpackie"]
[Site "Pstragowa"]
[Date "2014.05.04"]
[Round "9.19"]
[White "Piekarski, Lukasz"]
[Black "Czajkowski, Ryszard"]
[Result "1/2-1/2"]
[WhiteElo "1868"]
[BlackElo "2096"]
[PlyCount "38"]
[EventDate "2014.04.30"]
[EventType "team-tourn"]
[EventRounds "9"]
[EventCountry "POL"]
[SourceTitle "EXT 2015"]
[Source "ChessBase"]
[SourceDate "2014.11.20"]
[SourceVersion "1"]
[SourceVersionDate "2014.11.20"]
[SourceQuality "1"]
[WhiteTeam "Ustrzyki Dolne"]
[BlackTeam "Tarnobrzeg"]
[WhiteTeamCountry "POL"]
[BlackTeamCountry "POL"]

1. e4 e6 2. d4 d5 3. Bd3 dxe4 4. Bxe4 Nf6 5. Bf3 c5 6. Ne2 Nc6 7. Be3 Nd5 8. Bxd5 Qxd5 9. Nbc3 Qc4 10. b3 Qa6 11. dxc5 Be7 12. a3 0-0 13. 0-0 Rd8 14. Qe1 b6 15. b4 Qc4 16. cxb6 axb6 17. Bxb6 Rd7 18. b5 Ne5 19. f3 Rxa3 1/2-1/2

[Event "POL-chT3 Podkarpackie"]
[Site "Pstragowa"]
[Date "2014.05.02"]
[Round "5.7"]
[White "Przybek, Tomasz"]
[Black "Czajkowski, Ryszard"]
[Result "0-1"]
[WhiteElo "2210"]
[BlackElo "2096"]
[PlyCount "80"]
[EventDate "2014.04.30"]
[EventType "team-tourn"]
[EventRounds "9"]
[EventCountry "POL"]
[SourceTitle "EXT 2015"]
[Source "ChessBase"]
[SourceDate "2014.11.20"]
[SourceVersion "1"]
[SourceVersionDate "2014.11.20"]
[SourceQuality "1"]
[WhiteTeam "Sedziszow Malopolski"]
[BlackTeam "Tarnobrzeg"]
[WhiteTeamCountry "POL"]
[BlackTeamCountry "POL"]

1. d4 Nf6 2. c4 g6 3. Nc3 d5 4. Nf3 Bg7 5. e3 0-0 6. cxd5 Nxd5 7. Bc4 Nxc3 8. bxc3 c5 9. 0-0 cxd4 10. cxd4 Nc6 11. Rb1 b6 12. Ba3 Na5 13. Bd3 Bb7 14. Qe2 Rc8 15. Rfc1 Bf6 16. Ba6 Qd5 17. Bxb7 Qxb7 18. Qb5 Rxc1+ 19. Rxc1 Rc8 20. Rxc8+ Qxc8 21. Ne5 Kg7 22. Qd5 e6 23. Qd6 Nb7 24. Qb4 Bxe5 25. dxe5 Qc5 26. Qb3 Qa5 27. Bb4 Qa6 28. Be7 Qe2 29. Bf6+ Kh6 30. h4 Nc5 31. Qb4 Qxf2+ 32. Kh2 Kh5 33. Qd4 Qf5 34. Qd1+ Qg4 35. Qf1 Ne4 36. Be7 Qg3+ 37. Kh1 Nf2+ 38. Kg1 Ng4 39. Qxf7 Qe1+ 40. Qf1 Qxe3+ 0-1

[Event "POL-chT3 Podkarpackie"]
[Site "Pstragowa"]
[Date "2014.05.01"]
[Round "2.25"]
[White "Wozniak, Maciej"]
[Black "Czajkowski, Ryszard"]
[Result "1-0"]
[WhiteElo "2178"]
[BlackElo "2096"]
[PlyCount "94"]
[EventDate "2014.04.30"]
[EventType "team-tourn"]
[EventRounds "9"]
[EventCountry "POL"]
[SourceTitle "EXT 2015"]
[Source "ChessBase"]
[SourceDate "2014.11.20"]
[SourceVersion "1"]
[SourceVersionDate "2014.11.20"]
[SourceQuality "1"]
[WhiteTeam "Stara Wies Parnas"]
[BlackTeam "Tarnobrzeg"]
[WhiteTeamCountry "POL"]
[BlackTeamCountry "POL"]

1. e4 e6 2. d4 d5 3. Nc3 Bb4 4. e5 c5 5. a3 Bxc3+ 6. bxc3 Qc7 7. Qg4 f5 8. Qg3 cxd4 9. cxd4 Ne7 10. Bd2 0-0 11. Bd3 b6 12. Ne2 Ba6 13. Nf4 Qc6 14. 0-0 Bc4 15. Bb4 Rf7 16. Bxc4 dxc4 17. Bd6 Qc8 18. Qf3 Nbc6 19. d5 exd5 20. Nxd5 Ng6 21. Rfe1 Nd4 22. Qc3 Ne6 23. Rab1 f4 24. f3 Qc6 25. Nb4 Qb5 26. Qd2 Rc8 27. Qd5 Qe8 28. Re4 c3 29. Nd3 Kh8 30. Rc4 Nh4 31. Rbb4 Rf5 32. Rxc8 Qxc8 33. Rc4 Qe8 34. Qb7 Nf8 35. Rc8 Qb5 36. Rxc3 Qb1+ 37. Kf2 Qh1 38. Ne1 Qxh2 39. Qc8 Qg3+ 40. Kf1 Kg8 41. Bxf8 Rxf8 42. Qe6+ Kh8 43. Rc8 Ng6 44. Rxf8+ Nxf8 45. Qf7 h6 46. Qxf8+ Kh7 47. Qf5+ Kg8 1-0

[Event "Tatry op"]
[Site "Tatranske Zruby"]
[Date "2013.10.03"]
[Round "6"]
[White "Czajkowski, Ryszard"]
[Black "Michna, Christian"]
[Result "0-1"]
[WhiteElo "2073"]
[BlackElo "2290"]
[PlyCount "58"]
[EventDate "2013.09.29"]
[EventType "swiss"]
[EventRounds "9"]
[EventCountry "SVK"]
[SourceTitle "CBM 156 Extra"]
[Source "ChessBase"]
[SourceDate "2013.10.22"]
[SourceVersion "1"]
[SourceVersionDate "2013.10.22"]
[SourceQuality "1"]

1. d4 g6 2. c4 Bg7 3. Nc3 d6 4. e4 e5 5. Nf3 exd4 6. Nxd4 Nc6 7. Be3 Nge7 8. Be2 0-0 9. 0-0 f5 10. exf5 Bxd4 11. Bxd4 Nxf5 12. Be3 Nxe3 13. fxe3 Rxf1+ 14. Bxf1 Be6 15. e4 Ne5 16. Nd5 c6 17. Nf4 Bxc4 18. Bxc4+ Nxc4 19. Kh1 Qf6 20. Rc1 Qxf4 21. Rxc4 d5 22. Rd4 dxe4 23. Rd7 Rf8 24. Qb3+ Rf7 25. h3 Kg7 26. Qxb7 e3 27. Qxa7 e2 28. Rxf7+ Qxf7 29. Qd4+ Kg8 0-1

[Event "Tatry op"]
[Site "Tatranske Zruby"]
[Date "2013.09.30"]
[Round "2"]
[White "Czajkowski, Ryszard"]
[Black "Sluka, Radek"]
[Result "1-0"]
[WhiteElo "2073"]
[BlackElo "2304"]
[PlyCount "65"]
[EventDate "2013.09.29"]
[EventType "swiss"]
[EventRounds "9"]
[EventCountry "SVK"]
[SourceTitle "CBM 156 Extra"]
[Source "ChessBase"]
[SourceDate "2013.10.22"]
[SourceVersion "1"]
[SourceVersionDate "2013.10.22"]
[SourceQuality "1"]

1. d4 f5 2. g3 Nf6 3. Bg2 g6 4. Nh3 Bg7 5. c4 0-0 6. Nf4 Nc6 7. h4 Ne4 8. d5 e5 9. Nxg6 hxg6 10. dxc6 bxc6 11. Bxe4 fxe4 12. Nc3 Bb7 13. c5 d5 14. cxd6 cxd6 15. Qb3+ Rf7 16. Nxe4 d5 17. Ng5 Re7 18. h5 e4 19. hxg6 Qd6 20. Be3 Qxg6 21. 0-0-0 a5 22. Nh3 a4 23. Qa3 c5 24. Nf4 Qd6 25. Bd4 Bf8 26. Rh8+ Kf7 27. Rdh1 Ra6 28. R1h7+ Ke8 29. Bg7 Rf7 30. Rxf8+ Rxf8 31. Bxf8 Kxf8 32. Rxb7 d4 33. Rb5 1-0

[Event "Tatry op"]
[Site "Tatranske Zruby"]
[Date "2011.10.02"]
[Round "9"]
[White "Volodin, Viktor Nikolaevich"]
[Black "Czajkowski, Ryszard"]
[Result "0-1"]
[WhiteElo "2210"]
[BlackElo "2107"]
[PlyCount "90"]
[EventDate "2011.09.25"]
[EventType "swiss"]
[EventRounds "9"]
[EventCountry "SVK"]
[SourceTitle "CBM 144 Extra"]
[Source "ChessBase"]
[SourceDate "2011.10.28"]
[SourceVersion "1"]
[SourceVersionDate "2011.10.28"]
[SourceQuality "1"]

1. Nf3 Nf6 2. c4 g6 3. d4 Bg7 4. g3 d5 5. cxd5 Nxd5 6. Bg2 0-0 7. 0-0 Nc6 8. Nc3 Nxc3 9. bxc3 Bg4 10. h3 Bf5 11. Nd2 Qc8 12. Kh2 Rb8 13. Ba3 Re8 14. e4 Bd7 15. Nb3 b6 16. Qe2 a5 17. Rac1 Na7 18. f4 e6 19. Rfd1 a4 20. Nd2 Nb5 21. Bb2 c5 22. e5 Bc6 23. Ne4 Bxe4 24. Qxe4 a3 25. Ba1 Qa6 26. d5 exd5 27. Rxd5 Rbd8 28. Rcd1 Qc8 29. Qd3 Rxd5 30. Qxd5 Nc7 31. Qb3 Rd8 32. Rxd8+ Qxd8 33. Qxa3 Qd1 34. Bb2 Bf8 35. Qb3 Qd2 36. c4 Ne6 37. Qxb6 Nd4 38. Qb7 Ne2 39. h4 Qe3 40. Qf3 Qd2 41. Kh3 Qe1 42. Qd3 h5 43. a4 Be7 44. e6 Nxf4+ 45. Kh2 Nxd3 0-1

[Event "Tatry op"]
[Site "Tatranske Zruby"]
[Date "2011.09.30"]
[Round "7"]
[White "Malinovsky, Jozef"]
[Black "Czajkowski, Ryszard"]
[Result "0-1"]
[WhiteElo "1830"]
[BlackElo "2107"]
[PlyCount "66"]
[EventDate "2011.09.25"]
[EventType "swiss"]
[EventRounds "9"]
[EventCountry "SVK"]
[SourceTitle "CBM 144 Extra"]
[Source "ChessBase"]
[SourceDate "2011.10.28"]
[SourceVersion "1"]
[SourceVersionDate "2011.10.28"]
[SourceQuality "1"]

1. e4 e6 2. d4 d5 3. Nd2 c5 4. c3 cxd4 5. cxd4 Nc6 6. Bb5 Qb6 7. exd5 Qxb5 8. dxc6 bxc6 9. Nb3 Ba6 10. Ne2 Rd8 11. Bd2 Nf6 12. a4 Qd5 13. f3 Bxe2 14. Kxe2 Rb8 15. Nc1 Rxb2 16. Nd3 Rb8 17. a5 Bd6 18. Qa4 0-0 19. a6 Nd7 20. Rab1 e5 21. Rb7 e4 22. Nb4 exf3+ 23. gxf3 Rfe8+ 24. Kd3 Qxf3+ 25. Kc2 Qxh1 26. Rxd7 Bxb4 27. Qb3 Bf8 28. Qxf7+ Kh8 29. Rb7 Qe4+ 30. Kc1 Qxd4 31. Kc2 Qa4+ 32. Qb3 Qxb3+ 33. Kxb3 Rxb7+ 0-1

[Event "Tatry op"]
[Site "Tatranske Zruby"]
[Date "2011.09.28"]
[Round "5"]
[White "Lezak, Petr"]
[Black "Czajkowski, Ryszard"]
[Result "1/2-1/2"]
[WhiteElo "1666"]
[BlackElo "2107"]
[PlyCount "82"]
[EventDate "2011.09.25"]
[EventType "swiss"]
[EventRounds "9"]
[EventCountry "SVK"]
[SourceTitle "CBM 144 Extra"]
[Source "ChessBase"]
[SourceDate "2011.10.28"]
[SourceVersion "1"]
[SourceVersionDate "2011.10.28"]
[SourceQuality "1"]

1. e4 e6 2. d4 d5 3. exd5 exd5 4. Nf3 Bd6 5. Bd3 Ne7 6. 0-0 0-0 7. Bg5 f6 8. Bd2 Bf5 9. Bxf5 Nxf5 10. Nc3 c6 11. Re1 Nd7 12. Re2 Ne7 13. Qf1 Ng6 14. g3 Re8 15. Rae1 Re7 16. Rxe7 Nxe7 17. Qe2 Nf8 18. Bf4 Nf5 19. Bxd6 Nxd6 20. Qe7 Ng6 21. Qe6+ Nf7 22. h4 Qb6 23. b3 Qc7 24. h5 Nf8 25. Qe7 Rc8 26. Nh4 Nd6 27. Re3 Qb8 28. h6 Ne8 29. hxg7 Ng6 30. Nxg6 Nxg7 31. Nh4 Re8 32. Qxf6 Rxe3 33. fxe3 Qxg3+ 34. Ng2 Qg4 35. Qf4 Qg6 36. Qb8+ Ne8 37. Qxb7 h5 38. Kh2 Nf6 39. Qb8+ Kh7 40. Qc7+ Kg8 41. Kh1 Ng4 1/2-1/2

[Event "Tatry op"]
[Site "Tatranske Zruby"]
[Date "2011.09.25"]
[Round "1"]
[White "Demeter, Peter"]
[Black "Czajkowski, Ryszard"]
[Result "1-0"]
[WhiteElo "2253"]
[BlackElo "2107"]
[PlyCount "105"]
[EventDate "2011.09.25"]
[EventType "swiss"]
[EventRounds "9"]
[EventCountry "SVK"]
[SourceTitle "CBM 144 Extra"]
[Source "ChessBase"]
[SourceDate "2011.10.28"]
[SourceVersion "1"]
[SourceVersionDate "2011.10.28"]
[SourceQuality "1"]

1. c4 Nf6 2. Nf3 g6 3. g3 Bg7 4. Bg2 0-0 5. 0-0 d5 6. cxd5 Nxd5 7. Nc3 Nc6 8. Nxd5 Qxd5 9. d3 Qh5 10. Be3 Bh3 11. Rc1 Bxg2 12. Kxg2 Qd5 13. Qa4 e5 14. Rc5 Qd7 15. Rfc1 Rfe8 16. Qh4 Qe7 17. Qxe7 Rxe7 18. Rb5 Nd8 19. a4 c6 20. Rb4 h6 21. a5 f5 22. Rc2 Rd7 23. Nd2 Kf7 24. Nb3 Rd5 25. Bc5 Ke6 26. h3 Kd7 27. e4 Rxd3 28. Bxa7 Rxb3 29. Rd2+ Ke8 30. Rxd8+ Rxd8 31. Rxb3 Rd7 32. Kf3 Bf8 33. Be3 Kf7 34. Rb6 Rc7 35. b4 Rd7 36. exf5 gxf5 37. g4 f4 38. Bc5 Bxc5 39. bxc5 Rc7 40. Ke4 Ke6 41. a6 bxa6 42. Rxa6 Rc8 43. Rb6 Rc7 44. h4 Rc8 45. g5 hxg5 46. hxg5 Rc7 47. Rb8 Ra7 48. Re8+ Kf7 49. Rxe5 Ra4+ 50. Kf5 Rc4 51. g6+ Kg7 52. Re7+ Kf8 53. Kf6 1-0

[Event "Tatry op"]
[Site "Tatranske Zruby"]
[Date "2010.10.09"]
[Round "9"]
[White "Czajkowski, Ryszard"]
[Black "Dobrowolski, Henryk"]
[Result "1/2-1/2"]
[WhiteElo "2124"]
[BlackElo "1871"]
[PlyCount "45"]
[EventDate "2010.10.02"]
[EventType "swiss"]
[EventRounds "9"]
[EventCountry "SVK"]
[SourceTitle "CBM 138 Extra"]
[Source "ChessBase"]
[SourceDate "2010.10.29"]
[SourceVersion "1"]
[SourceVersionDate "2010.10.29"]
[SourceQuality "1"]

1. d4 Nf6 2. c4 g6 3. Nc3 d5 4. cxd5 Nxd5 5. e4 Nxc3 6. bxc3 Bg7 7. Bc4 0-0 8. Ne2 c6 9. 0-0 Nd7 10. Be3 b5 11. Bb3 Nb6 12. Qc2 Bb7 13. f4 e6 14. Ng3 a5 15. a4 bxa4 16. Bxa4 Nxa4 17. Rxa4 Ba6 18. Re1 Bb5 19. Raa1 Bc4 20. e5 Qd5 21. Ne4 Bb3 22. Qd3 Bc4 23. Qc2 1/2-1/2

[Event "Tatry op"]
[Site "Tatranske Zruby"]
[Date "2010.10.08"]
[Round "8"]
[White "Zambor, Norbert"]
[Black "Czajkowski, Ryszard"]
[Result "1-0"]
[WhiteElo "2281"]
[BlackElo "2124"]
[PlyCount "93"]
[EventDate "2010.10.02"]
[EventType "swiss"]
[EventRounds "9"]
[EventCountry "SVK"]
[SourceTitle "CBM 138 Extra"]
[Source "ChessBase"]
[SourceDate "2010.10.29"]
[SourceVersion "1"]
[SourceVersionDate "2010.10.29"]
[SourceQuality "1"]

1. e4 e6 2. d4 d5 3. Nd2 c5 4. exd5 exd5 5. Ngf3 Nf6 6. Bb5+ Bd7 7. Bxd7+ Nbxd7 8. 0-0 Be7 9. dxc5 Nxc5 10. Nb3 Nce4 11. Bf4 0-0 12. Qd3 a6 13. Rad1 Rc8 14. Nfd4 Re8 15. Nf5 Bf8 16. c3 Qb6 17. Be3 Qe6 18. Nbd4 Qd7 19. Bf4 h6 20. Qh3 Nc5 21. Qh4 Qd8 22. Rfe1 Ne6 23. Be5 Ne4 24. Qxd8 Rcxd8 25. f3 Nd6 26. Bxd6 Bxd6 27. Nxd6 Rxd6 28. Nf5 Rdd8 29. Kf2 Kf8 30. Rd2 Nc7 31. Red1 Rd7 32. c4 Red8 33. Rd4 h5 34. Ne3 Ke7 35. cxd5 Nb5 36. Re4+ Kf6 37. Rf4+ Kg6 38. g4 hxg4 39. fxg4 Nd6 40. Rfd4 Re7 41. Kf3 Rde8 42. Ng2 Kf6 43. Rf4+ Ke5 44. h4 Rd7 45. Ne3 g5 46. hxg5 Rg8 47. Rf5+ 1-0